00410nam a2200121Ia 4500008004100000245014700041260001700188260000900205300000900214650002300223650001200246856003000258170516s9999 xx 000 0 und d aPolydopamine Coated Single-Walled Carbon Nanotubes as a Versatile Platform with Radionuclide Labeling for Multimodal Tumor Imaging and Therapy bTheranostics c2016 a6:11 xMedical Technology xMedtech uhttp://www.thno.org/v6i11